Pepe Carranza (Record no. 171304)

MARC details
000 -LEADER
campo de control de longitud fija 00855nam a22001695i 4500
001 - NÚMERO DE CONTROL
campo de control 171304
003 - IDENTIFICADOR DE NÚMERO DE CONTROL
campo de control ES-MaACL
005 - FECHA Y HORA DE LA ÚLTIMA TRANSACCIÓN
campo de control 20250616063044.0
008 - DATOS DE LONGITUD FIJA--INFORMACIÓN GENERAL
campo de control de longitud fija 090508s1876 sp |||| | spa d
100 0# - ENTRADA PRINCIPAL--NOMBRE DE PERSONA
Nombre de persona Frontaura, Carlos,
Fechas asociadas al nombre 1834-1910
9 (RLIN) 52739
245 10 - MENCIÓN DEL TÍTULO
Título Pepe Carranza
Resto del título : comedia en tres actos original /
Mención de responsabilidad, etc. de Carlos Frontaura.
260 ## - PUBLICACIÓN, DISTRIBUCIÓN, ETC.
Lugar de publicación, distribución, etc. Madrid :
Nombre del editor, distribuidor, etc. [s.n.],
Fecha de publicación, distribución, etc. 1876 (
Fabricante Imp. y esterotipia de Aribau y C.ª)
300 ## - DESCRIPCIÓN FÍSICA
Extensión 90 p. ;
Dimensiones 18 cm.
500 ## - NOTA GENERAL
Nota general En port.: Representado por primera vez en Madrid, en el teatro de la Comedia, en 23 de noviembre de 1876.
852 ## - LOCALIZACIÓN
Ubicación ES-MaACL
Número de control de estantería F-8600(1)
Nota libre .- Enc. pasta española
condición física .- Falto de la cub. original
Nota libre .- Enc. en un vol. facticio formando parte de la col. facticia "Teatro español moderno", vol. 53
-- .- Firma manuscrita "Legado Gustavo Saenz Diez", en anteport.
Holdings
Estatus retirado Estado de pérdida Estado de daño No para préstamo Colección Biblioteca de origen Biblioteca actual Ubicación en estantería Fecha de adquisición Fuente de adquisición Total de préstamos Signatura topográfica completa Código de barras Visto por última vez Precio de reemplazo Tipo de ítem Koha
        Libros del s. XIX Biblioteca del Ateneo de Madrid Biblioteca del Ateneo de Madrid Sala Pecera Planta 2 08/05/2009     F-8600(1) 1179773 23/02/2023 23/02/2023 Libro impreso antiguo